000 00466nam a2200181 i 4500
001 bg
100 1 _aCARTER, Michael
245 0 _aCorrelations of soil properties /
_cM. Carter, S.P. Bentley.
260 _aLondon :
_bPentech Press,
_c1991.
700 1 _aBENTLEY, Stephen P.
020 _a0727303171
040 _cBPK
041 _apol
080 _a624.131.2/.6:631.4
920 _a0-7273-0317-1
942 _cKS
008 s pl f |000 0 pol
999 _c29641
_d29641
856 _uhttp://koha.tu.koszalin.pl/cgi-bin/koha/opac-detail.pl?biblionumber=29641
_yKatalog online BPK